Quizzes
Events
Quiz Creation
Community
Videos
Private Events
Remove Ads
Sign In
Join for FREE
Feedback
Dark Mode
Quiz Categories
Sports
Geography
Music
Movies
Television
Just For Fun
Miscellaneous
History
Literature
Language
Science
Gaming
Entertainment
Religion
Holiday
For Kids
Quiz Lab
Recent
Popular Today
Quiz Kudos Today
Editor Picks
Curator Picks
Quizzes by...
Day
Popularity
Type
Ratings
Length
Year
Community
Subscriptions
Recent Discussions
Orange Saloon
Badges
Playlists
Quests
Create
Leaderboards
Showdown
Live 5
Trivia Bingo
Activity
Puzzle Library
Sporcle Events
Private Events
Virtual Trivia
Globe League
Become a Host
Pub Owners
SporcleCon
Opinionation
Our Games
Videos
Blog
Mobile Apps
Partnerships
Remove Ads and Go Orange
Feedback
Movies
Disney
Marvel Cinematic Universe
Movie Resume
Movie Titles
Oscar
Actor
Actress
Director
Pixar
Role
Movie Quotes
Movie Characters
Box Office
Nominee
Best Picture
Star Wars
James Bond
Horror Movies
Movies
Disney
Marvel Cinematic Universe
Movie Resume
Movie Titles
Oscar
Actor
Actress
Director
Pixar
Role
Movie Quotes
Movie Characters
Box Office
Nominee
Best Picture
Star Wars
James Bond
Horror Movies
Random Quiz
Search Sporcle
×
Quiz Lab
Quiz Lab
Movies
Quote
Type in answers that appear in a list
Type in answers that appear in a list
Classic
Best Score? Go Orange.
Martial Arts movie quotes Stats
Can you name the Martial Arts movie quotes?
By
yamahoe72
10m
13 Questions
151 Plays
151 Plays
151 Plays
Comments
Comments
Give Quiz Kudos
Give Quiz Kudos
-
- Ratings
hide this ad
Replay
Link that replays current quiz
Next Quiz
Link to next quiz in quiz playlist
You Got
0%
They Got
Avg Score
36%
Avg Friend Score
Upgrade to see
Score Distribution
Jump to the score distribution portion of the page
Score
0/13
Timer
10:00
0
Plays Today
Can you name the martial arts movie?
movie
% Correct
'Damn bike, I hate this bike, I hate this damn bike!!'
The Karate Kid
76.8%
'Man, you come right out of a comic book'
Enter The Dragon
70.9%
'You break my record, now I break you, like I break your friend.'
Bloodsport
62.9%
'Without Green Destiny, you are nothing!'
Crouching Tiger Hidden Dragon
47%
'You bleed like Mylee!'
Kickboxer
46.4%
'Out of respect for my teacher, I give you three days to mourn. When finish, I come back. You prepare to join him.'
The Karate Kid 2
35.8%
'You guys think you're above the law... well you ain't above mine!'
Above The Law
30.5%
'Eat'. 'This time you're eating paper'. 'The next time it's going to be glass'
Chinese Connection
29.1%
'Tommy! No! Coach! Coach! He's gonna kill him!'
Best Of The Best
29.1%
'I hope next time we meet, we will be drinking tea.'
Rumble In The Bronx
13.9%
'Is your name Tang Lung?'
Return Of The Dragon
13.2%
'Beat it, Brucey! Go home and play with your wooden dolly!'
No Retreat No Surrender
11.3%
'Poison Clan Rocks the world!'
5 Deadly Venoms
4.6%
Quiz Playlist
Details
Report
Send in Message
Add To Playlist
Classic:
Type in answers that appear in a list
Last Updated: Feb 16, 2017
Quiz Scoreboard
CHALLENGE
Sign Up to Join the Scoreboard
Show All
Scores
Hide
Comments
May contain spoilers
Recently Published
TV Characters by Other Roles V
by ghcgh
Television
5m
Decade Duel: World Leaders
by jenniferyan
History
4m
Alphabetical 'K' Countries by Flag Minefield
by ylime102
Geography
3m
More to Explore
Quiz From the Vault
Featured Blog Post
15 Basketball Trivia Facts You Can Be March Mad About
hide this ad
You Might Also Like...
Tags
Art Quiz
Quote Quiz
martial
Martial Arts
Today's Top Quizzes in Movies
Browse Movies
hide this ad
Today's Top Quizzes in Quote
Browse Quote
Top Contributed Quizzes in Movies
1
Pick 6: Harry Potter
2
Pick 6: Movie Franchises
3
Pick 6: Actors
4
Pick 6: Actresses
5
Pick 6: Disney Princesses
6
Decade Duel: Best Picture Winner
7
Movies of the Seasons
8
Match The President To The Fictional Crisis
9
Decade Duel: Disney Animated Movies
10
Movie Seasons
Explore More
Trending Topics
Crossword
Marvel
Disney
Harry Potter
NBA
Kpop
Anime
Song
Puzzle
Pokémon
Country
NFL
Soccer
WWE
The Office
hide this ad
More By:
yamahoe72
Quiz
Plays
Rating
Category
Featured
Created
Martial Arts movie quotes
151
Movies
Dec 6, 2010
Go to Creator's Profile
Score Distribution
Quiz Creator Spotlight
yamahoe72
Follow
Send a Message
Quizzes Created
-
Created Quiz Play Count
-
More By This Creator
Popular Quizzes Today
1
Countries of Asia Without Outlines Minefield
2
Find the US States - No Outlines Minefield
3
Pick 6: Fruits
4
The Countries of the World
5
Find the Countries of Europe - No Outlines Minefield
6
Alphabetical 'K' Countries by Flag Minefield
7
US States
8
Find the US States
More Movies Quizzes
'P' Horror Movies by picture
Quiz Lab
Trending Quizzes
Pick 6: Mountains
Pick 6: Harry Potter
Pick 6: Flags
Pick 6: NFL Teams
C Names for Actors
Recently Updated
Adaptations: Name the Title
pecheneg
NWSL Teams
pecheneg
Women's Final Four Teams by Year
bhenderson79
Presidents Quartet II
eogle
Anything But Clue(do)
eogle
Anything But Oceanian Capitals
eogle
Anything But 7
eogle
Anything But Thing
eogle
Word Ladder: February 29
pecheneg
Song Title Questions
pecheneg
Trending Topics
Crossword
Disney
Marvel
Harry Potter
Kpop
Anime
NBA
Country
Pokémon
The Office
Soccer
Song
WWE
Puzzle
NFL
Your Account Isn't Verified!
In order to create a playlist on Sporcle, you need to verify the email address you used during registration. Go to your
Sporcle Settings
to finish the process.
Report this User
Report this user for behavior that violates our
Community Guidelines
.
Details:
Send Report
Go to the Sporcle.com Mobile Site →
Comments